Czwarte Największe Miasta Państw Europy - Statystyki

Ogólne statystyki
  • Ten quiz został rozwiązany 9 razy
  • Średni wynik to 9 z 50
Statystyki odpowiedzi
Kraj Miasto % Poprawnych
Polska Łódź
100%
Niemcy Kolonia
80%
Hiszpania Sewilla
80%
Włochy Turyn
80%
Wielka Brytania Glasgow
60%
Szwajcaria Lozanna
60%
Austria Salzburg
60%
Holandia Utrecht
60%
Ukraina Dniepr
40%
Białoruś Mohylew
40%
Czechy Pilzno
40%
Portugalia Amadora
20%
Bułgaria Burgas
20%
Turcja Bursa
20%
Rumunia Jassy
20%
Grecja Larisa
20%
Węgry Miszkolc
20%
Litwa Szawle
20%
Francja Tuluza
20%
Słowacja Żylina
20%
Dania Aalborg
0%
Kazachstan Aktobe
0%
Islandia Akureyri
0%
Liechtenstein Balzers
0%
Mołdawia Bendery
0%
Słowenia Celje
0%
Czarnogóra Cetynia
0%
San Marino Domagnano
0%
Luksemburg Dudelange
0%
Irlandia Dún Laoghaire
0%
Andora Encamp
0%
Kosowo Gnjilane
0%
Rosja Jekaterynburg
0%
Łotwa Jełgawa
0%
Serbia Kragujevac
0%
Belgia Liège
0%
Azerbejdźan Mingeczaur
0%
Monako Monaco-Ville
0%
Chorwacja Osijek
0%
Cypr Pafos
0%
Estonia Parnawa
0%
Macedonia Północna Prilep
0%
Gruzja Rustawi
0%
Norwegia Trondheim
0%
Szwecja Uppsala
0%
Finlandia Vantaa
0%
Armenia Wagharszapat
0%
Albania Wlora
0%
Malta Żejtun
0%
Bośnia i Hercegowina Zenica
0%
Nie znaleziono quizów pasujących do podanych kryteriów
Rozkład punktacji
Procent ludzi z każdym wynikiem
Percentyl według liczby udzielonych odpowiedzi
Twoja historia wyników
Nie rozwiązałeś tego quizu